| 000 | 00547nam a2200193 a 4500 | ||
|---|---|---|---|
| 001 | 000016885 | ||
| 005 | 20230519124857.0 | ||
| 008 | 100312s1981 dr a 000 0 spa d | ||
| 040 |
_aDO-SdBNP _bspa _cBNPHU |
||
| 040 | _aDO-SdBNP | ||
| 082 |
_axxx _bA683q |
||
| 100 | 1 |
_aAretz, Isabel _937365 |
|
| 245 | 1 | 0 |
_aQué es el folklore / _cIsabel Aretz. |
| 260 |
_aSanto Domingo : _b[s.n.], _c1981. |
||
| 300 |
_a66 p. : _bil. ; _c21 cm. |
||
| 490 | 1 |
_aPublicaciones _v4 |
|
| 500 | _aIncluye notas al pie de páginas | ||
| 830 | 0 |
_aPublicaciones _n4 _937366 |
|
| 999 |
_c16417 _d16417 |
||